00614nam a2200181Ia 4500003000900000008003700009040003300046041000800079080001400087100003100101245009600132246004300228260002300271300001700294942000700311952009500318999001900413LK-CoDNM010623t xxu||||| |||| 00| 1 sin d aLK-CoDNMdLK-CoDNMeLK-CoDNM asin a294.3 PGN aPgnanalooka Thero,Veihene. aබෞද්ධ චින්තාවේ පසුබිම හා විකාශය aBauddha Chintawe Pasubima Ha Vikashaya bSrideeviaDehiwala b178p., 21 cm cBK 001040708MONOaMAINbMAINd2023-08-02l0o294.3 PGNp140927r2023-08-02w2023-08-02yBK c139934d139934